000 00797nam a22002537a 4500
999 _c379053
_d379053
001 92692
003 UA-OsUOA
005 20200212154333.0
007 ta
008 20121221b un ||||| |||| 00| 0 ukr d
040 _aUA-OsUOA
_brus
_cUA-OsUOA
_dUA-OsUOA
041 _arus
080 _a821.161.1
090 _a821.161.1
_bБ83
100 _aБорщаговский А.
245 _aИзбранные произведения в двух томах: млечный путь
_nт. 1
260 _aМ.
_bХудожественная литература
_c1982
300 _a550 с.
490 _vт. 1
650 7 _a82 Література. Літературознавство
_2UDC
942 _cBK
_2udc
955 _a3